| 000 | 01174cam a22003257a 4500 | ||
|---|---|---|---|
| 003 | CHAP | ||
| 005 | 20220329140938.0 | ||
| 008 | 971013s1934 r 00010 d | ||
| 010 | _a60197 | ||
| 011 | _a61169 | ||
| 035 | _a65333 | ||
| 040 | _cCHAP | ||
| 082 |
_a331.2972 _bM4 |
||
| 110 |
_aMéxico (Virreinato). Leyes, decretos, etc. _9175441 |
||
| 245 | 1 | 4 | _aLos salarios y el trabajo en México durante el siglo XVIII; legislación y nóminas de salarios |
| 260 |
_aMéxico, D.F. : _bSecretaría de la Economía Nacional, _c1934 |
||
| 300 | _a164 p. | ||
| 490 | 0 |
_aDocumentos para la historia económica de México _v; 3 |
|
| 590 |
_aBATCH-UPD _b10 _c20130110 _lUCH01 _h0208 |
||
| 590 |
_aBATCH-UPD _b10 _c20130110 _lUCH01 _h1845 |
||
| 590 |
_aBATCH-UPD _b10 _c20130409 _lUCH01 _h2222 |
||
| 590 |
_aBATCH-UPD _b10 _c20130914 _lUCH01 _h1216 |
||
| 590 |
_aCONVERSION _b10 _c20130109 _lUCH01 _h1332 |
||
| 650 | 1 | 4 |
_aSalarios. _9101264 |
| 830 | 0 |
_aDocumentos para la historia económica de México _v; 3 _933286 |
|
| 901 | _aBK | ||
| 942 | _cLIBRO | ||
| 949 |
_a331.2972 M4 _bBC _cBPP _d-145524 _eBPP _i65333 _mD _si |
||
| 949 |
_a331.2972 M4 _bBC _cBPP _d-145525 _eBPP _fc.2 _i65333 _mD _si |
||
| 999 |
_c60197 _d60197 |
||